| 000 | 00880nas a2200277 4500 | ||
|---|---|---|---|
| 001 | BR0201263 | ||
| 003 | BR-BrBNA | ||
| 005 | 20231205102804.0 | ||
| 007 | ta | ||
| 008 | 230509b bl.|||p| |||| 00| 00por d | ||
| 040 |
_aBR-BrBNA _bpor _cBiblioteca Nacional de Agricultura |
||
| 041 | _a(Pt) | ||
| 072 | _aF01 | ||
| 100 | 1 | _aNunes, J.L. da S. | |
| 100 | 1 | _aMarodin, G.A.B. | |
| 100 | 1 | _aSartori, I.A. | |
| 245 | 1 | _aCianamida hidrogenada, Thidiazuron e óleo mineral na quebra da dormência e na produção do pessegueiro cv. Chiripá | |
| 650 | _aPÊSSEGO | ||
| 650 | _aÓLEO MINERAL | ||
| 650 | _aQUEBRA DA DORMÊNCIA | ||
| 650 | _aPRODUÇÃO VEGETAL | ||
| 650 | _aCOLHEITA | ||
| 773 | 0 |
_tRevista Brasileira de Fruticultura (Brazil) _xISSN 0100-2945 _g(Dec 2001), v. 23(3) p. 493-496 _wBR0201263 |
|
| 909 |
_a202311 _bLúcia _c55 _dLúcia Elande |
||
| 942 |
_2AGRIS _n0 _cANA |
||
| 999 |
_c169325 _d169325 |
||